| 000 | 00514nam a2200193Ia 4500 | ||
|---|---|---|---|
| 003 | GCL | ||
| 005 | 20240530095907.0 | ||
| 008 | 140319s9999 xx 000 0 aRus d | ||
| 040 |
_aGCL / _cGCL |
||
| 082 | 0 | 4 |
_a726.2 _bA A/CC |
| 100 | 1 | _aABDEL WAHAB, HASSAN | |
| 245 | 1 | 0 |
_aAMONG ISLAMIC MONUMENTS / _cABDEL WAHAB, HASSAN |
| 260 |
_aCAIRO: _bIMPRIMERIE MISR ، _c1947 |
||
| 300 |
_a29 P ; _c16 CM |
||
| 650 | 0 | 4 | _aARCHITECTURE |
| 650 | 0 | 4 | _aISLAM - ARCHETICTURE |
| 650 | 0 | 4 | _aISLAMIC SCHOOL |
| 942 |
_2ddc _cBK |
||
| 999 |
_c11819 _d11819 |
||